| 000 | 00602nam a2200241Ia 4500 | ||
|---|---|---|---|
| 008 | 170712s9999 xx 000 0 und d | ||
| 020 | _a9789712721151 | ||
| 050 | _a895.7 | ||
| 050 | _bH111 2008 | ||
| 100 | _aHa, Keunchan | ||
| 245 | _aReading Korea : | ||
| 245 | _b12 contemporary stories / | ||
| 245 | _cby Keunchan Ha. | ||
| 260 | _aPhilippines : | ||
| 260 | _bAnvil, | ||
| 260 | _c2008 | ||
| 300 | _a242 pages : | ||
| 300 | _billustrations ; | ||
| 300 | _c22cm. | ||
| 650 | _aShort stories, Korean -- | ||
| 650 | _aTitle. | ||
| 650 | _x20th century -- Translations into English. | ||
| 999 |
_c340352 _d340352 |
||